[Event "AUTO-OPEN-1887"]
[Site "http://www.queenalice.com/game.php?id=734826"]
[Date "2010.2.20"]
[Round "1"]
[White "Murderface"]
[Black "wallt"]
[Result "1-0"]
[WhiteElo "2035"]
[BlackElo "1857"]

1. e4 e5 2. d4 Bd6 3. Nf3 h6 4. dxe5 Bc5 5. Be2 Nc6 6. O-O b6 7. Nc3 Be7 8. Bc4
Bc5 9. Be3 Bxe3 10. fxe3 Bb7 11. Bxf7+ Kxf7 12. Ng5+ Kg6 13. Nf7 Qe7 14. Nxh8+
Kh7 15. Nf7 Qe6 16. Nd5 Rc8 17. Nxh6 Nxh6 18. Nf6+ gxf6 19. Rxf6 Qxe5 20. Qxd7+
Ne7 21. Re6 Qxb2 22. Rxe7+ Kg6 23. Re6+ Kh5 24. Qd1+ Ng4 25. h3 Rg8 26. hxg4+
Rxg4 27. Rb1 Qg7 28. Rb5+ Kh4 29. Qe1+ Rg3 30. Ree5 c5 31. Rd5 Bxd5 32. exd5 Qe5
33. e4 Kh5 34. Rb3 Rxb3 35. axb3 a5 36. Qd2 Qa1+ 37. Kh2 Qe5+ 38. g3 1-0

[Event "AUTO-OPEN-1887"]
[Site "http://www.queenalice.com/game.php?id=734827"]
[Date "2010.2.20"]
[Round "1"]
[White "wallt"]
[Black "assinho"]
[Result "1-0"]
[WhiteElo "1844"]
[BlackElo "1500"]

1. d4 Nf6 2. d5 e6 3. c4 exd5 4. cxd5 Bb4+ 5. Nc3 O-O 6. e3 c6 7. d6 Ne4 8. Ne2
Nxd6 9. a3 Bxc3+ 10. Nxc3 Nf5 11. e4 Re8 12. Bd3 d5 13. O-O dxe4 14. Bc4 Qxd1
15. Rxd1 e3 16. fxe3 Nxe3 17. Bxe3 Nd7 18. Bf4 Nf6 19. h3 Bf5 20. b4 Ne4 21.
Rac1 Nxc3 22. Rxc3 Re4 23. Bg3 Rae8 24. Rf3 Bg6 25. Rdf1 Rxc4 26. Kh2 Rc2 27.
R3f2 Rd8 28. Rxc2 Bxc2 29. Re1 Kf8 30. Re2 Bf5 31. Bf2 Rd3 32. Bc5+ 1-0

[Event "AUTO-OPEN-1887"]
[Site "http://www.queenalice.com/game.php?id=734828"]
[Date "2010.2.20"]
[Round "1"]
[White "assinho"]
[Black "wallt"]
[Result "0-1"]
[WhiteElo "1607"]
[BlackElo "1824"]

1. d4 d5 2. c4 e6 3. Nf3 Be7 4. Nc3 Nf6 5. Bg5 O-O 6. e3 b6 7. Bxf6 Bxf6 8. cxd5
exd5 9. Bd3 Bg4 10. h3 Bxf3 11. Qxf3 c6 12. O-O-O g6 13. Bc2 a5 14. e4 dxe4 15.
Bxe4 Ra7 16. Bxc6 Rc7 17. d5 Bxc3 18. bxc3 Nxc6 19. dxc6 Qg5+ 20. Rd2 Rd8 21.
Rd1 Rd6 22. Kc2 Rdxc6 23. Rd3 Qb5 24. Qe3 Qa4+ 25. Kb2 Qb5+ 26. Ka1 Rc8 27. Rd8+
Rxd8 28. Rxd8+ Kg7 29. Qd4+ Rf6 30. Rd6 Qf5 31. Rxb6 h5 32. Qxf6+ Qxf6 33. Rxf6
Kxf6 34. Kb2 g5 35. Kb3 Ke5 36. Kc4 a4 37. Kb4 f5 38. c4 g4 39. c5 Kd5 40. Kb5
h4 41. c6 gxh3 42. Kb6 hxg2 43. c7 g1=Q 44. c8=Q Qb1+ 45. Ka5 Qe4 46. Qb7+ Ke6
47. Qb6+ Kd5 48. Qd8+ Kc4 49. Qc7+ Kd3 50. Qd8+ Ke2 51. Qb6 Qd5+ 52. Ka6 Qa8+
53. Kb5 Qe8+ 54. Ka5 Qe5+ 55. Kxa4 h3 56. Qa6+ Kxf2 57. Qb6+ Kf3 58. Qb3+ Kg4
59. Qd1+ Kh4 60. Qd8+ Kg4 61. Qg8+ Kf4 62. Qg1 Qe4+ 63. Ka5 Qe5+ 64. Ka4 Qe4+
65. Ka5 Qe3 66. Qh2+ Kg4 67. a4 f4 68. Qh1 Kg3 69. Ka6 h2 70. a5 Qf3 71. Qe1+
Kg2 72. Qd2+ Qf2 73. Qd5+ f3 74. Qg5+ Qg3 75. Qd2+ f2 76. Qd5+ Qf3 0-1

[Event "AUTO-OPEN-1887"]
[Site "http://www.queenalice.com/game.php?id=734829"]
[Date "2010.2.20"]
[Round "1"]
[White "wallt"]
[Black "m_KP"]
[Result "1-0"]
[WhiteElo "1846"]
[BlackElo "1137"]

1. d4 d5 2. Bf4 Nc6 3. Nc3 e6 4. Nb5 Bd6 5. Nxd6+ cxd6 6. Nf3 h6 7. g3 g5 8. Be3
e5 9. dxe5 Bg4 10. Qxd5 Nge7 11. Qe4 Bf5 12. Qc4 Rc8 13. Rd1 Nd4 14. Qxd4 Qa5+
15. c3 Nc6 16. Qxd6 Rd8 17. Qa3 Qxa3 18. Rxd8+ Ke7 19. bxa3 Rxd8 20. Bg2 g4 21.
Nh4 Bc2 22. O-O Ba4 23. Nf5+ Ke6 24. Nxh6 Bd1 25. Re1 Bxe2 26. Rxe2 1-0

[Event "AUTO-OPEN-1887"]
[Site "http://www.queenalice.com/game.php?id=734830"]
[Date "2010.2.20"]
[Round "1"]
[White "m_KP"]
[Black "wallt"]
[Result "0-1"]
[WhiteElo "1133"]
[BlackElo "1848"]

1. e4 e5 2. Nf3 Nc6 3. Bc4 Bc5 4. O-O h6 5. c3 Nf6 6. d3 O-O 7. h4 d6 8. d4 exd4
9. cxd4 Bb6 10. Be3 Qe7 11. Qc1 Qxe4 12. Rd1 Ng4 13. Nbd2 Qf5 14. Nb3 Nxe3 15.
fxe3 Qg4 16. a3 Ne7 17. Qc3 d5 18. Rd3 Qg6 19. Rd2 Bh3 20. Bd3 Bf5 21. Re1 Qh5
22. a4 c6 23. Be2 Bg4 24. Rc2 Nf5 25. Rf1 Bc7 26. Qe1 Bg3 27. Qd1 Nxe3 0-1

[Event "AUTO-ADV-1662"]
[Site "http://www.queenalice.com/game.php?id=734978"]
[Date "2010.2.20"]
[Round "1"]
[White "jartuga99"]
[Black "wallt"]
[Result "1-0"]
[WhiteElo "2003"]
[BlackElo "1882"]

1. e4 e5 2. Bc4 Nf6 3. d3 Bc5 4. h3 O-O 5. a4 b6 6. c3 d5 7. exd5 Nxd5 8. Nf3
Nc6 9. b4 Be7 10. b5 Na5 11. Nxe5 Nxc4 12. Nxc4 Bg5 13. O-O Nf4 14. Bxf4 Bxf4
15. Qf3 Rb8 16. Qxf4 Be6 17. Ne5 Qd6 18. d4 Rbc8 19. Qh4 Bd5 20. c4 Be6 21. Nc3
f6 22. Ne4 fxe5 23. Nxd6 cxd6 24. Qe7 Bxc4 25. Rfc1 exd4 26. Qxd6 d3 27. Rxc4
Rxc4 28. Qe6+ Kh8 29. Qxc4 Rd8 30. Re1 d2 31. Rd1 h6 32. Qf4 Re8 33. Qxd2 Re4
34. Qd8+ 1-0

[Event "AUTO-ADV-1662"]
[Site "http://www.queenalice.com/game.php?id=734979"]
[Date "2010.2.20"]
[Round "1"]
[White "wallt"]
[Black "jartuga99"]
[Result "0-1"]
[WhiteElo "1871"]
[BlackElo "2030"]

1. d4 d5 2. Bf4 Nc6 3. Nc3 a6 4. g3 f6 5. Bg2 e6 6. e4 Bb4 7. Ne2 g5 8. Bd2 Bd7
9. exd5 Bxc3 10. Bxc3 Nce7 11. dxe6 Bxe6 12. Bxb7 Ra7 13. Bf3 h5 14. Qd2 Nf5 15.
Bc6+ Kf7 16. b3 Nge7 17. Be4 Nd6 18. O-O-O Nxe4 19. Qe3 Bf5 20. Bb2 Nd5 21. Qf3
Bg6 22. h3 g4 23. hxg4 hxg4 24. Qg2 f5 25. c4 Nb4 26. Kb1 f4 27. Rxh8 Qxh8 28.
a3 Nc3+ 29. Kc1 Nxe2+ 30. Kd2 f3 31. Qh1 Qf6 32. axb4 Ra8 33. Ke1 Rh8 34. Qf1
Rh2 0-1

[Event "AUTO-ADV-1662"]
[Site "http://www.queenalice.com/game.php?id=734994"]
[Date "2010.2.20"]
[Round "1"]
[White "wallt"]
[Black "felipebasso"]
[Result "0-1"]
[WhiteElo "1853"]
[BlackElo "1876"]

1. d4 e6 2. Bf4 d5 3. a3 Nf6 4. g3 Nc6 5. Nf3 Bd7 6. Bg2 Be7 7. O-O O-O 8. Nc3
Ng4 9. Ne5 Ncxe5 10. dxe5 c5 11. Bh3 h5 12. Bxg4 hxg4 13. e4 d4 14. Na2 Bb5 15.
Re1 Bg5 16. Qxg4 Bxf4 17. Qxf4 Kh7 18. Nc1 f6 19. Rd1 fxe5 20. Qxe5 Qf6 21. Qh5+
Kg8 22. Rd2 b6 23. Nd3 Bxd3 24. cxd3 Rf7 25. Rf1 Raf8 26. h4 Qf3 27. Qxf3 Rxf3
28. Kg2 R3f6 0-1

[Event "AUTO-ADV-1662"]
[Site "http://www.queenalice.com/game.php?id=734995"]
[Date "2010.2.20"]
[Round "1"]
[White "felipebasso"]
[Black "wallt"]
[Result "1-0"]
[WhiteElo "1891"]
[BlackElo "1838"]

1. e4 e5 2. Nf3 Nc6 3. Bb5 Nf6 4. O-O Nxe4 5. Re1 Nd6 6. Bxc6 dxc6 7. Nxe5 Be6
8. Nc3 Be7 9. d4 O-O 10. Qf3 Nf5 11. Ne2 g6 12. Ng4 Nh4 13. Nh6+ Kg7 14. Qg3 Rh8
15. Qe5+ Bf6 16. Qc5 Qd5 17. Nf4 Qd7 18. Nxe6+ fxe6 19. Bd2 Rhe8 20. c3 b6 21.
Qc4 c5 22. Ng4 Nf5 23. Ne5 Bxe5 24. Rxe5 Nd6 25. Qd3 Nf7 26. Re2 cxd4 27. Qxd4+
Qxd4 28. cxd4 1-0

[Event "AUTO-ADV-1662"]
[Site "http://www.queenalice.com/game.php?id=734996"]
[Date "2010.2.20"]
[Round "1"]
[White "wallt"]
[Black "matadourodepeixes"]
[Result "0-1"]
[WhiteElo "1864"]
[BlackElo "2150"]

1. d4 Nf6 2. d5 g6 3. Nc3 Bg7 4. e4 d6 5. Nf3 Nbd7 6. Be2 O-O 7. O-O e5 8. dxe6
fxe6 9. Bc4 Qe7 10. Ng5 Nb6 11. Bd3 h6 12. Nh3 e5 13. Qf3 Kh7 14. b3 c6 15. Qg3
Nh5 16. Qe3 d5 17. exd5 cxd5 18. Qd2 Bxh3 19. Be2 Be6 20. Rb1 Nf4 21. Qd1 Rad8
22. Bxf4 Rxf4 23. Qd3 Rc8 24. Nd1 Bf5 25. Qd2 Rxc2 26. Qe1 Rxe2 27. Qxe2 Bxb1
28. Ne3 Bf5 29. Rd1 Be6 30. Qc2 d4 31. Nf1 Rf7 32. Ng3 Bf5 33. Nxf5 gxf5 34. Rd3
e4 35. Rd1 d3 36. Qd2 Nd5 37. Re1 Bc3 38. Qd1 Bxe1 39. Qxe1 f4 0-1

[Event "AUTO-ADV-1662"]
[Site "http://www.queenalice.com/game.php?id=734997"]
[Date "2010.2.20"]
[Round "1"]
[White "matadourodepeixes"]
[Black "wallt"]
[Result "1-0"]
[WhiteElo "2155"]
[BlackElo "1864"]

1. d4 d5 2. c4 e6 3. e3 Nf6 4. a3 Bd7 5. Nc3 c6 6. Nf3 dxc4 7. Bxc4 Bd6 8. O-O
O-O 9. h3 a6 10. e4 c5 11. e5 b5 12. exd6 bxc4 13. dxc5 Nc6 14. Qe2 Na5 15. Be3
Re8 16. Ne5 h6 17. Nxc4 Nd5 18. Ne5 Nc6 19. Nxd7 Qxd7 20. Ne4 Nxe3 21. fxe3 f5
22. Nd2 Nd8 23. Nc4 Qc6 24. b4 Nb7 25. Rad1 Rad8 26. Qa2 Kh8 27. Ne5 Qe4 28.
Nf7+ Kh7 29. Nxd8 Qxe3+ 30. Kh1 Nxd8 31. Rfe1 Qg3 32. a4 Rf8 33. Qc2 Kg8 34. Qd3
f4 35. Qxg3 fxg3 36. Rf1 Re8 37. Rf3 Nc6 38. b5 axb5 39. axb5 Ne5 40. Rxg3 1-0

[Event "AUTO-OPEN-1928"]
[Site "http://www.queenalice.com/game.php?id=753084"]
[Date "2010.3.28"]
[Round "1"]
[White "wallt"]
[Black "Mazuk"]
[Result "1-0"]
[WhiteElo "1831"]
[BlackElo "1601"]

1. d4 Nf6 2. d5 c6 3. c4 g6 4. Nc3 Bg7 5. e4 d6 6. Bd3 a5 7. a4 Na6 8. Nf3 Nc5
9. Bc2 O-O 10. O-O Bg4 11. Qe2 Re8 12. dxc6 bxc6 13. Qe3 Bxf3 14. Qxf3 Nfd7 15.
Rb1 Nb6 16. b3 Bxc3 17. Qxc3 Nbd7 18. Qd2 Nf6 19. Re1 Na6 20. Bb2 Nb4 21. e5
dxe5 22. Qe2 Nxc2 23. Qxc2 Nd7 24. Rbd1 Qc7 25. Qd2 Red8 26. Qh6 Qb6 27. Qh3 Nc5
28. Rxd8+ Rxd8 29. g3 Qxb3 30. Bxe5 f6 31. Bc7 Rd1 32. Rxd1 Qxd1+ 33. Qf1 Qxa4
34. Qe1 Qxc4 35. Bxa5 Kf7 36. Bd8 Qe6 37. Qb4 Nd3 38. Qd2 Qe1+ 39. Qxe1 Nxe1 40.
Bb6 e5 41. Kf1 Nf3 42. h4 Ke6 43. Ke2 Nd4+ 44. Kd3 Kd5 45. Bd8 f5 46. Ke3 c5 47.
Ba5 c4 48. f4 exf4+ 49. gxf4 Nb5 50. Bd2 c3 51. Bc1 1-0

[Event "AUTO-OPEN-1928"]
[Site "http://www.queenalice.com/game.php?id=753085"]
[Date "2010.3.28"]
[Round "1"]
[White "Mazuk"]
[Black "wallt"]
[Result "1/2-1/2"]
[WhiteElo "1612"]
[BlackElo "1824"]

1. e4 e5 2. Nf3 Nc6 3. Bb5 Qf6 4. c3 Nge7 5. d4 Qd6 6. O-O g6 7. dxe5 Qe6 8.
Bxc6 Nxc6 9. Qd5 Qxd5 10. exd5 Ne7 11. c4 Nf5 12. Nc3 Bg7 13. Re1 O-O 14. Bf4 c6
15. Rad1 Re8 16. b4 a5 17. b5 cxb5 18. Nxb5 Rf8 19. c5 a4 20. Nfd4 Nxd4 21. Rxd4
Ra5 22. Rb1 h6 23. Nd6 Rxc5 24. Rxa4 Rxd5 25. Ra8 g5 26. Bg3 Rc5 27. Nxc8 Rfxc8
28. Rxc8+ Rxc8 29. f4 gxf4 30. Bxf4 Kf8 31. Rxb7 Ke7 32. Kf2 Rc2+ 33. Kf3 Rxa2
34. h4 Ra3+ 35. Ke4 Ra4+ 36. Kf5 Ra6 37. g4 Re6 38. h5 f6 39. exf6+ Rxf6+ 40.
Ke4 Re6+ 41. Kd5 Bf6 42. Bxh6 Re5+ 43. Kc4 Re4+ 44. Kd5 Rxg4 45. Rb8 Rh4 46.
Bf8+ Kf7 47. Kd6 Rd4+ 48. Kc5 Rh4 49. Kd6 Rxh5 50. Kxd7 Rh8 51. Bd6 1/2-1/2

[Event "AUTO-OPEN-1928"]
[Site "http://www.queenalice.com/game.php?id=753086"]
[Date "2010.3.28"]
[Round "1"]
[White "wallt"]
[Black "adilson_camargo"]
[Result "0-1"]
[WhiteElo "1870"]
[BlackElo "1833"]

1. d4 d5 2. Nc3 e6 3. Bf4 a6 4. g3 Bb4 5. Bg2 Bxc3+ 6. bxc3 h6 7. e4 c6 8. e5 b5
9. Ne2 f6 10. exf6 Nxf6 11. O-O O-O 12. Qd3 a5 13. a4 Ba6 14. Qg6 Kh8 15. Be3
Qe7 16. Rfe1 Nbd7 17. Nf4 e5 18. dxe5 Nxe5 19. Qf5 Bc8 20. Ne6 Bxe6 21. Qxe5
Rac8 22. axb5 cxb5 23. Rxa5 Nd7 24. Qd4 Rc4 25. Qd2 Rb8 26. Rb1 Qe8 27. Raxb5
Rxb5 28. Rxb5 Nf6 29. Rb3 Rc8 30. Bd4 Qf7 31. Qd3 Ne4 32. Qe3 Nd6 33. Qxh6+ Kg8
34. Qc1 Nf5 35. Be5 d4 36. Rb7 Qf8 37. cxd4 Rd8 38. c3 Qe8 39. Qg5 Qf8 40. Bxg7
Nxg7 41. d5 Bd7 42. c4 Kh8 43. c5 Bc8 44. Rb5 Re8 45. Qh4+ Kg8 46. d6 Nf5 47.
Qc4+ Kg7 48. Qg4+ Kf6 49. Bc6 Re1+ 50. Kg2 Ne3+ 51. fxe3 Bxg4 52. Bf3 Bxf3+ 53.
Kf2 Rh1 54. Kxf3 Ke6+ 55. Ke4 Qf5+ 56. Kd4 Rd1+ 57. Kc3 Qd3+ 58. Kb4 Rb1+ 59.
Ka4 Qxb5+ 60. Ka3 Qb3# 0-1

[Event "AUTO-OPEN-1928"]
[Site "http://www.queenalice.com/game.php?id=753087"]
[Date "2010.3.28"]
[Round "1"]
[White "adilson_camargo"]
[Black "wallt"]
[Result "1-0"]
[WhiteElo "1832"]
[BlackElo "1881"]

1. d4 d5 2. c4 e6 3. Nc3 c5 4. e3 b6 5. cxd5 exd5 6. Nf3 c4 7. b3 Bb4 8. Bb2 Nf6
9. bxc4 O-O 10. a3 Ba5 11. Bd3 Bb7 12. c5 bxc5 13. O-O c4 14. Bc2 a6 15. Ba4 Qc7
16. Ne5 Qd6 17. Re1 Qe6 18. Re2 Ng4 19. Nxg4 Qxg4 20. h3 Qg6 21. Bc2 Qe6 22. Na4
Bc8 23. Nc5 Qe7 24. e4 Qh4 25. e5 Ra7 26. Rb1 Nc6 27. Ba4 Ne7 28. Bc1 Ng6 29.
Bc2 Ne7 30. Re3 Bf5 31. Bxf5 Nxf5 32. Rf3 Nxd4 33. Rf4 Qe7 34. Qxd4 Rc8 35. Na4
Rd8 36. Be3 h6 37. Qxa7 Bc7 38. Qxa6 Bxe5 39. Rf3 d4 40. Qxc4 dxe3 41. Rxe3 g6
42. Rbe1 Kg7 43. Rxe5 Qf6 44. Nc3 Kh7 45. Nd5 Qg7 46. Re7 h5 47. Nf4 Kh6 48. Ne6
Qg8 49. Nxd8 Qxd8 50. Qxf7 Qd4 51. Qh7+ Kg5 52. R7e5+ Kh4 53. Qe7+ 1-0

[Event "AUTO-OPEN-1928"]
[Site "http://www.queenalice.com/game.php?id=753088"]
[Date "2010.3.28"]
[Round "1"]
[White "wallt"]
[Black "william_1987br"]
[Result "1-0"]
[WhiteElo "1838"]
[BlackElo "1637"]

1. d4 d5 2. Bf4 Nc6 3. Nc3 e6 4. Nb5 Bd6 5. Nxd6+ cxd6 6. Nf3 Nf6 7. g3 Ne4 8.
Bg2 Qa5+ 9. Nd2 e5 10. dxe5 dxe5 11. Be3 Bf5 12. Bxe4 Bxe4 13. f3 d4 14. Bf2 Bf5
15. O-O O-O 16. Nc4 Qb4 17. b3 b5 18. Nb2 Qc3 19. Nd3 e4 20. Be1 Qxa1 21. Qxa1
exd3 22. cxd3 Ne5 23. Qxd4 Ng6 24. Bc3 f6 25. Qd5+ Rf7 26. Qxa8+ Nf8 27. g4 Be6
28. Bb4 g5 29. Rc1 Kg7 30. h3 f5 31. Bc3+ Kg6 32. Bb4 fxg4 33. Bxf8 gxf3 34.
Qe4+ Bf5 35. Qc6+ Kh5 36. Qh6# 1-0

[Event "AUTO-OPEN-1928"]
[Site "http://www.queenalice.com/game.php?id=753089"]
[Date "2010.3.28"]
[Round "1"]
[White "william_1987br"]
[Black "wallt"]
[Result "0-1"]
[WhiteElo "1638"]
[BlackElo "1863"]

1. e4 e5 2. Bc4 Bc5 3. Nf3 d6 4. O-O h6 5. Nc3 Bg4 6. h3 Bh5 7. g4 Bg6 8. d4
exd4 9. Nxd4 Qh4 10. Kg2 Ne7 11. Nf3 Qf6 12. h4 d5 13. exd5 Nd7 14. g5 hxg5 15.
hxg5 Qd6 16. Be3 Bxe3 17. fxe3 Nf5 18. e4 Qg3# 0-1

[Event "QA-ANNIV-05"]
[Site "http://www.queenalice.com/game.php?id=758944"]
[Date "2010.4.10"]
[Round "4"]
[White "wallt"]
[Black "roberto_falk"]
[Result "1-0"]
[WhiteElo "1873"]
[BlackElo "1677"]

1. d4 d5 2. Bf4 Bf5 3. Nc3 e6 4. g3 Bb4 5. Bg2 Nf6 6. Nf3 O-O 7. O-O Ne4 8. Nxe4
dxe4 9. Ne5 Nc6 10. c3 Bd6 11. Qc1 Na5 12. b3 f6 13. Nc4 Nxc4 14. bxc4 e5 15.
dxe5 fxe5 16. Be3 Bg4 17. Qc2 Qf6 18. Qxe4 Bf5 19. Qd5+ Kh8 20. Qd2 e4 21. c5
Be5 22. Rac1 Rad8 23. Qc2 Qa6 24. a4 Bg4 25. Rfe1 Qc4 26. Bxe4 Bxc3 27. Bd3 Rxd3
28. exd3 Bf5 29. Red1 Rd8 30. dxc4 Bxc2 31. Rxd8# 1-0

[Event "QA-ANNIV-06"]
[Site "http://www.queenalice.com/game.php?id=790961"]
[Date "2010.6.16"]
[Round "1"]
[White "wallt"]
[Black "msbasso01"]
[Result "1-0"]
[WhiteElo "1846"]
[BlackElo "1888"]

1. d4 Nf6 2. Bf4 d5 3. Nc3 e6 4. g3 c5 5. e3 Nc6 6. Nb5 e5 7. dxe5 Nd7 8. e6
Nde5 9. exf7+ Nxf7 10. Nc7+ Ke7 11. Nxa8 g5 12. Bc7 Qd7 13. c3 b6 14. Bxb6 axb6
15. Nxb6 Qc7 16. Nxd5+ 1-0

[Event "QA-ANNIV-05"]
[Site "http://www.queenalice.com/game.php?id=793743"]
[Date "2010.6.23"]
[Round "5"]
[White "vagner_pirai"]
[Black "wallt"]
[Result "1-0"]
[WhiteElo "2084"]
[BlackElo "1864"]

1. e4 e5 2. d4 exd4 3. c3 dxc3 4. Bc4 Qe7 5. Nxc3 d6 6. Nd5 Qd7 7. Nf3 Nc6 8.
Ng5 Ne5 9. Bb3 f6 10. Ne6 Rb8 11. Ndxc7+ Ke7 12. Nd5+ Kf7 13. Ng5+ fxg5 14. Nb6+
Qe6 15. Nxc8 Nc4 16. Nxa7 Qxe4+ 17. Qe2 1-0